000 00310nam a2200121Ia 4500
008 220803s9999 xx 000 0 und d
041 _aeng
082 _a720.47 PAT
100 _aPatel Meghna
_929887
245 _aPost Earthquake Scenario In The Real Estate Market
260 _bAhmedabad
_c2011
300 _a96p
999 _c18733
_d18733